Fnaf World Animatronics - Statistics

General Stats
  • This quiz has been taken 729 times
    726 since last reset
  • The average score is 38 of 53
Answer Stats
No Hint Answer % Correct
5 Golden Freddy
93%
6 Toy Freddy
93%
14 Withered Freddy
93%
19 Phantom Freddy
93%
25 Nightmare Freddy
93%
39 Purple Freddy
93%
45 Paperpal Freddy
93%
7 Toy Bonnie
92%
15 Withered Bonnie
92%
26 Nightmare Bonnie
92%
31 Jack O Bonnie
92%
38 Shadow Bonnie
92%
47 Spring Bonnie
92%
8 Toy Chica
91%
16 Withered Chica
91%
21 Phantom Chica
91%
27 Nightmare Chica
91%
32 Jack O Chica
91%
10 Funtime Foxy
89%
17 Withered Foxy
89%
22 Phantom Foxy
89%
28 Nightmare Foxy
89%
20 Spring Trap
80%
37 Plush Trap
80%
1 Freddy Fazbear
77%
52 J J
76%
11 Pupp et
75%
42 Nightmare Mangle
74%
12 Boy Balloon
72%
13 Girl Balloon
72%
36 Purple Guy
70%
29 Nightmare Fredbear
69%
50 Crying Child
68%
33 Scott Cawthon
65%
18 Withered Golden Freddy
65%
23 Phantom BB
64%
30 Nightmare BB
64%
48 Fred Bear
64%
40 Night mare
64%
24 Phantom Puppet
64%
2 Bonnie The Bunny
62%
3 Chica The Chicken
61%
9 Man gle
52%
43 Endo 1
45%
44 Endo 2
45%
4 Foxy The Pirate Fox
43%
34 Chip per
38%
35 NightMarion ette
37%
51 Endo Plush
37%
46 Paperpal Marionette
25%
49 Paperpal Springtrap
15%
41 Nightmare Cupcake
13%
53 Made By - TJQuizMaker
9%
No matching quizzes found
Score Distribution
Percent of People with Each Score
Percentile by Number Answered
Your Score History
You have not taken this quiz since the last reset